Benchmarking for effective network management

Saved in:
Bibliographic Details
Main Author: Terplan
Format: Book
Published: New York McGraw-Hill 1995
Subjects:
Tags: Add Tag
No Tags, Be the first to tag this record!
Call Number :TK 5105.5. T47 1995

MARC

LEADER 00000pam a2200000 4500
001 19226
003 MY-KLNDU
005 20241218061350.0
020 0 0 |a 0070636389 
035 |a 0000019018 
039 9 |y 200910091017  |z VLOAD 
090 0 0 |a TK 5105.5.  |b T47 1995 
100 1 0 |a Terplan  |h Kornel 
245 1 0 |a Benchmarking for effective network management  |c by Kornel Terplan 
260 0 0 |a New York  |b McGraw-Hill  |c 1995 
300 |a xv,415p  |b ill  |c 24cm 
500 0 0 |a Includes bibliographical references and index 
650 0 0 |a Computer networks  |x Management 
650 0 0 |a Benchmarking (management) 
999 |a vtls000019013  |c 19226  |d 19226